[Event "GRENKE Chess Open 2017"]
[Site "Karlsruhe GER"]
[Date "2017.04.16"]
[Round "7.21"]
[White "Bogner, Sebastian"]
[Black "Nguyen, Thai Dai Van"]
[Result "1-0"]
[WhiteElo "2592"]
[BlackElo "2441"]
[EventDate "2017.04.13"]

1. d4 Nf6 2. c4 e6 3. Nf3 b6 4. g3 Ba6 5. Nbd2 Bb4 6. Qa4 c5 7. a3 Bxd2+ 8.
Bxd2 cxd4 9. Nxd4 Bb7 10. f3 O-O 11. Bg2 Nc6 12. Bc3 Rc8 13. O-O d5 14.
Rfd1 Qe7 15. Nxc6 Bxc6 16. Qb4 Qc7 17. Rac1 e5 18. e3 Rfe8 19. Be1 Qb7 20.
cxd5 Nxd5 21. Qb3 Nc7 22. Rd6 Na6 23. Rcxc6 Rxc6 24. f4 e4 25. Bxe4 Rxd6
26. Bxb7 Nc5 27. Qb5 Rxe3 28. Bb4 Nxb7 29. Bxd6 Nxd6 30. Qd7 Ne8 31. Qxa7
Re6 32. f5 Rd6 33. Qe7 Rd1+ 34. Kf2 Nf6 35. Ke2 Rd7 36. Qb4 Nd5 37. Qb3 g6
38. fxg6 hxg6 39. Kd3 Nc7+ 40. Kc4 b5+ 41. Kb4 Rd5 42. Ka5 Rd6 43. Qc2 Ra6+
44. Kb4 Ra4+ 45. Kb3 Ne6 46. Qc8+ Kg7 47. Qb8 Rg4 48. Qe5+ Kh7 49. h4 Re4
50. Qd5 f5 51. Ka2 Nd4 52. Qf7+ Kh6 53. Qg8 Kh5 54. Qh7+ Kg4 55. Qxg6+ Kf3
56. h5 b4 57. axb4 1-0

[Event "GRENKE Chess Open 2017"]
[Site "Karlsruhe GER"]
[Date "2017.04.16"]
[Round "7.22"]
[White "Neef, Maximilian"]
[Black "Indjic, Aleksandar"]
[Result "1/2-1/2"]
[WhiteElo "2438"]
[BlackElo "2589"]
[EventDate "2017.04.13"]

1. Nf3 d5 2. g3 c6 3. Bg2 Bg4 4. c4 Bxf3 5. Bxf3 e6 6. cxd5 cxd5 7. O-O Nf6
8. Nc3 Nc6 9. d4 Be7 10. e3 O-O 11. Bd2 Re8 12. Bg2 Bf8 13. Rc1 Rc8 14. Qe2
a6 15. Rfd1 h5 16. Be1 g6 17. Na4 Re7 18. Nc5 Rec7 19. Nd3 Bd6 20. Rc3 Ne4
21. Rcc1 Qe7 22. a3 h4 23. b4 hxg3 24. hxg3 Qg5 25. Nc5 Nf6 26. Bd2 Qf5 27.
Qf3 Ne7 28. Qxf5 gxf5 29. Bf1 Ne4 30. Be1 a5 31. Ra1 axb4 32. axb4 Kg7 33.
Ra7 Nc6 34. Raa1 Ne7 35. Ra7 b6 36. Rxc7 Bxc7 37. Nxe4 dxe4 38. Ba6 Ra8 39.
b5 Ra7 40. Bb4 Nd5 41. Ba3 Bd8 42. Bd6 Bc7 43. Ba3 Bd8 44. Bd6 Rd7 45. Be5+
Kg6 46. Rc1 Bc7 47. Rc6 Bxe5 48. dxe5 Nb4 49. Rxb6 Rd1+ 50. Kg2 Nd3 51. Rd6
Rb1 52. b6 Ne1+ 53. Kh3 Nf3 54. b7 Kg5 55. Rd8 Rh1+ 56. Kg2 Rg1+ 57. Kh3
1/2-1/2

[Event "GRENKE Chess Open 2017"]
[Site "Karlsruhe GER"]
[Date "2017.04.16"]
[Round "7.24"]
[White "Milov, Leonid"]
[Black "Epishin, Vladimir"]
[Result "1/2-1/2"]
[WhiteElo "2426"]
[BlackElo "2574"]
[EventDate "2017.04.13"]

1. e4 c6 2. d4 d5 3. Nd2 g6 4. c3 Bg7 5. Bd3 Nh6 6. Ngf3 O-O 7. O-O a5 8.
a4 b6 9. Re1 Ba6 10. Bc2 Ra7 11. e5 c5 12. Nb3 c4 13. Nbd2 Bc8 14. Nf1 Na6
15. h4 f5 16. Ng5 Nc7 17. Nh2 Nf7 18. Nxf7 Rxf7 19. h5 Qf8 20. hxg6 hxg6
21. f4 1/2-1/2

[Event "GRENKE Chess Open 2017"]
[Site "Karlsruhe GER"]
[Date "2017.04.16"]
[Round "7.25"]
[White "Moussard, Jules"]
[Black "Sundararajan, Kidambi"]
[Result "1-0"]
[WhiteElo "2573"]
[BlackElo "2422"]
[EventDate "2017.04.13"]

1. Nf3 Nf6 2. g3 g6 3. b3 b6 4. Bg2 Bb7 5. O-O Bg7 6. Bb2 O-O 7. c4 c5 8.
d4 cxd4 9. Qxd4 d6 10. Nc3 Nbd7 11. Qd2 a6 12. Nd4 Bxg2 13. Kxg2 Qc7 14. f3
e6 15. e4 Rfe8 16. Rad1 Rad8 17. Rfe1 Qb7 18. Kg1 Ne5 19. f4 Ned7 20. Nc2
Nc5 21. Qe2 b5 22. cxb5 axb5 23. Qxb5 Qxb5 24. Nxb5 Ncxe4 25. Bxf6 Nxf6 26.
Nxd6 Rf8 27. Ne3 Ra8 28. a4 Rfb8 29. Rd3 Bf8 30. Nec4 Nd5 31. Nb5 Ra6 32.
Kg2 Bg7 33. Red1 Rc6 34. Kf3 Bf6 35. g4 h6 36. h3 g5 37. f5 Kg7 38. Rxd5
exd5 39. Rxd5 Re8 40. Rd7 Be5 41. Ke4 Rc5 42. Kd3 Kf6 43. b4 Rc6 44. Na7
Ra6 45. a5 Bb8 46. Nb5 Re1 47. Nc3 Ra7 48. Ne4+ Kg7 49. Rxa7 Bxa7 50. b5
Rd1+ 51. Kc2 Rd4 52. Ned6 Bb8 53. b6 Bxd6 54. Nxd6 Rxd6 55. b7 Rd5 56. b8=Q
Rxa5 57. f6+ 1-0

[Event "GRENKE Chess Open 2017"]
[Site "Karlsruhe GER"]
[Date "2017.04.16"]
[Round "7.31"]
[White "Schneider, Ilja"]
[Black "Bosman, Michiel"]
[Result "1/2-1/2"]
[WhiteElo "2516"]
[BlackElo "2398"]
[EventDate "2017.04.13"]

1. Nf3 d5 2. d4 Nf6 3. c4 e6 4. g3 Bb4+ 5. Bd2 Be7 6. Bg2 O-O 7. O-O c6 8.
Qb3 Nbd7 9. Rc1 Ne4 10. Bb4 a5 11. Bxe7 Qxe7 12. Qa3 Re8 13. Qxe7 Rxe7 14.
Nfd2 Nxd2 15. Nxd2 Nf6 16. e3 b6 17. Rc3 Rb7 18. cxd5 cxd5 19. Rac1 Bd7 20.
e4 Rd8 21. exd5 exd5 22. Nf1 Be6 23. Ne3 g6 24. Rc6 Kf8 25. R1c3 Ke7 26. h3
h5 27. Rb3 Rd6 28. Rc1 Rb8 29. Rbc3 Kd8 30. a3 Rc8 31. Rxc8+ Bxc8 32. b4
axb4 33. axb4 Bd7 34. Ra1 Kc7 35. Kf1 Kb8 36. Ke1 Be6 37. Rc1 Kb7 38. Nc4
Rc6 39. b5 Rc7 40. Kd2 Nd7 41. Nd6+ Kb8 42. Ra1 Ra7 43. Rxa7 Kxa7 44. Ne8
Kb8 45. Ke3 f6 46. Kf4 Bf7 47. Nd6 Be6 48. Ne8 Bf7 49. Nd6 Be6 50. Ne8
1/2-1/2

[Event "GRENKE Chess Open 2017"]
[Site "Karlsruhe GER"]
[Date "2017.04.16"]
[Round "7.33"]
[White "Lampert, Jonas"]
[Black "Chernov, Vadim"]
[Result "0-1"]
[WhiteElo "2511"]
[BlackElo "2391"]
[EventDate "2017.04.13"]

1. e4 c5 2. Nf3 e6 3. d4 cxd4 4. Nxd4 Nf6 5. Nc3 Nc6 6. Ndb5 Bc5 7. Nd6+
Ke7 8. Bf4 e5 9. Nf5+ Kf8 10. Bg5 Bb4 11. Ne3 h6 12. Bxf6 Bxc3+ 13. bxc3
Qxf6 14. Bc4 d6 15. O-O h5 16. Qd2 Rh6 17. Bd5 Bd7 18. Nc4 Qf4 19. Qd3 h4
20. g3 Qg4 21. f3 Qg6 22. g4 Qg5 23. Rab1 b6 24. a4 Rd8 25. a5 Nxa5 26.
Nxa5 bxa5 27. Rb7 Rf6 28. Rxa7 a4 29. Rb1 Qf4 30. Rbb7 Be8 31. Qe2 h3 32.
Rb1 Qxf3 33. Qxf3 Rxf3 34. g5 Rf4 35. Rf1 Rg4+ 36. Kf2 Rxg5 37. Bxf7 Rd7
38. Rxd7 Bxd7 39. Ke3 Ke7 40. Bc4 Rg2 41. Rf3 Rxc2 42. Kd3 Rxh2 43. Rf7+
Ke8 44. Rxg7 Rg2 45. Rh7 h2 46. Rh8+ Ke7 47. Rh7+ Kd8 48. Rh8+ Kc7 49. Rh7
Rg3+ 0-1

[Event "GRENKE Chess Open 2017"]
[Site "Karlsruhe GER"]
[Date "2017.04.16"]
[Round "7.34"]
[White "Kollars, Dmitrij"]
[Black "Schmidek, Emil"]
[Result "1/2-1/2"]
[WhiteElo "2500"]
[BlackElo "2391"]
[EventDate "2017.04.13"]

1. e4 e5 2. Nf3 Nc6 3. Bb5 a6 4. Ba4 Nf6 5. O-O b5 6. Bb3 Be7 7. d3 O-O 8.
Nc3 d6 9. a3 Be6 10. Nd5 h6 11. c3 Re8 12. Re1 Bf8 13. h3 g6 14. a4 Bxd5
15. Bxd5 Nxd5 16. exd5 Ne7 17. Qb3 Bg7 18. Be3 Qd7 19. axb5 Qxb5 20. Qxb5
axb5 21. c4 bxc4 22. dxc4 f5 23. Rxa8 Rxa8 24. g3 g5 25. b4 Ra4 26. Rb1 e4
27. Ne1 Be5 28. Bc1 f4 29. gxf4 gxf4 30. Ng2 Ng6 31. Bd2 Ra2 32. Rd1 Rc2
33. c5 dxc5 34. bxc5 Rxc5 35. Bb4 Rc4 36. Ba3 Rc3 37. Bb4 Rxh3 38. d6 cxd6
39. Bxd6 f3 40. Bxe5 Nxe5 41. Nf4 Rh4 42. Nd5 Kf7 43. Nc3 Kg6 44. Rd8 Nf7
45. Rg8+ Kh7 46. Re8 Ng5 47. Nd5 Kg6 48. Ne3 Kf7 49. Ra8 Rh5 50. Ra7+ Ke6
51. Ra6+ Kd7 52. Ng4 Nh3+ 53. Kf1 Rb5 54. Ke1 h5 55. Nf6+ Ke7 56. Nxe4 Re5
57. Kf1 Nf4 58. Nd2 Rc5 59. Nxf3 Rc1+ 60. Ne1 Nd3 61. Ke2 Nxe1 62. Rh6 Ng2
63. Rxh5 Nf4+ 64. Kd2 Nxh5 1/2-1/2

[Event "GRENKE Chess Open 2017"]
[Site "Karlsruhe GER"]
[Date "2017.04.16"]
[Round "7.35"]
[White "Kunte, Abhijit"]
[Black "Kerigan, Demre"]
[Result "1-0"]
[WhiteElo "2491"]
[BlackElo "2352"]
[EventDate "2017.04.13"]

1. d4 d6 2. Nf3 g6 3. g3 Bg7 4. Bg2 Nd7 5. O-O Ngf6 6. Re1 O-O 7. e4 e5 8.
c3 b6 9. Nbd2 Bb7 10. a4 exd4 11. cxd4 Re8 12. Qc2 c5 13. d5 Qc7 14. h3 a6
15. Bf1 Re7 16. Nc4 b5 17. axb5 axb5 18. Rxa8+ Bxa8 19. Na3 b4 20. Nc4 Nb6
21. e5 Rxe5 22. Nfxe5 dxe5 23. Nxb6 Qxb6 24. Be3 Bf8 25. Rc1 b3 26. Bxc5
Qc7 27. Qc4 Bxd5 28. Qb5 Qc8 29. Be3 Qe6 30. Qa6 Qf5 31. Bg2 h5 32. Qc8 Be6
33. Qd8 Kg7 34. Bh6+ Kxh6 35. Qxf8+ Kh7 36. Qc5 h4 37. g4 Qf4 38. Qe3 Qxe3
39. fxe3 Nd7 40. Bc6 Nb6 41. Bb5 Kh6 42. Kf2 Kg5 43. Rc6 Nd5 44. Rc5 f5 45.
Bc4 Nf6 46. Bd3 Bd5 47. gxf5 gxf5 48. Rc7 Ne4+ 49. Bxe4 Bxe4 50. Rc5 Kf6
51. Rb5 Bc2 52. Rb6+ Kg5 53. Re6 e4 54. Rb6 Kh5 55. Ke1 Kg5 56. Kd2 Kh5 57.
Rb8 Kg5 58. Kc3 Bd3 59. Kd4 Bf1 60. Ke5 Bxh3 61. Rg8+ Kh6 62. Kf4 Kh7 63.
Rb8 Bg4 64. Rxb3 h3 65. Kg3 Kg6 66. Rb8 1-0

[Event "GRENKE Chess Open 2017"]
[Site "Karlsruhe GER"]
[Date "2017.04.16"]
[Round "7.36"]
[White "Fedorovsky, Michael"]
[Black "Martin, Julian"]
[Result "0-1"]
[WhiteElo "2490"]
[BlackElo "2319"]
[EventDate "2017.04.13"]

1. e4 c5 2. c3 d5 3. exd5 Qxd5 4. d4 Nf6 5. Nf3 Bg4 6. Nbd2 Nc6 7. Bc4 Bxf3
8. Qb3 Na5 9. Qb5+ Qd7 10. Nxf3 Nxc4 11. Qxc4 cxd4 12. Nxd4 e6 13. O-O Rc8
14. Qe2 Bc5 15. Bg5 Nd5 16. Rad1 h6 17. Bc1 O-O 18. Qh5 Nf6 19. Qh4 Qe7 20.
Rd3 Bxd4 21. Rxd4 Rc5 22. b3 Qc7 23. c4 Rh5 24. Qg3 Qxg3 25. hxg3 b5 26.
cxb5 Rxb5 27. Ra4 Ra8 28. Be3 Nd5 29. Bd4 a5 30. Rc1 f6 31. Rac4 e5 32. Rc5
Rxc5 33. Rxc5 Nb4 34. Bc3 Nxa2 35. Bxa5 Nc1 36. Rxc1 Rxa5 37. b4 Ra2 38.
Rb1 Kf7 39. b5 Ke7 40. b6 Ra8 41. Kf1 Rb8 42. b7 Kd6 43. Ke2 Kc5 44. g4 g6
45. Kd3 f5 46. gxf5 gxf5 47. f3 h5 48. Kc3 h4 49. Rb2 Kc6 50. Kc4 Rxb7 51.
Rxb7 Kxb7 52. Kd5 e4 53. fxe4 f4 54. e5 h3 55. gxh3 f3 56. e6 Kc7 57. Ke5
0-1

[Event "GRENKE Chess Open 2017"]
[Site "Karlsruhe GER"]
[Date "2017.04.16"]
[Round "7.38"]
[White "Volkov, Sergey"]
[Black "Gschnitzer, Adrian"]
[Result "1/2-1/2"]
[WhiteElo "2631"]
[BlackElo "2305"]
[EventDate "2017.04.13"]

1. d4 d5 2. c4 e6 3. Nc3 Nf6 4. cxd5 exd5 5. Bg5 Nbd7 6. e3 c6 7. Qc2 Be7
8. Nf3 Nh5 9. h4 h6 10. Bxe7 Qxe7 11. O-O-O Nb6 12. Ne5 Be6 13. Kb1 O-O-O
14. Na4 Nxa4 15. Qxa4 Kb8 16. Ka1 Bf5 17. g4 Be4 18. Qb3 Qc7 19. f3 Ng3 20.
Rh3 Nxf1 21. fxe4 Ng3 22. Rxg3 f6 23. Nxc6+ Qxc6 24. exd5 Rxd5 25. Qd3 Rc8
26. Kb1 Rd7 27. a3 Rdc7 28. e4 Qd6 29. Rg2 Qf4 30. Ka2 Re7 31. Re1 Rce8 32.
e5 fxe5 33. Re4 Qf6 34. g5 hxg5 35. hxg5 Qg6 36. dxe5 Qe6+ 37. b3 Rd7 38.
Qc4 Qxc4 39. bxc4 Rde7 40. Rge2 Re6 41. Kb3 Rg6 42. Rg4 Rge6 43. Rf4 Rxe5
44. Rxe5 Rxe5 45. Rf8+ Kc7 46. Rf7+ Kb6 47. Rxg7 Re3+ 48. Kb2 Rg3 49. g6 a6
50. Rg8 Kc5 51. g7 Kb6 52. Kc2 Ka7 53. c5 Rg1 54. Kd3 Rg4 55. Ke3 Rg1 56.
Kf4 Rf1+ 57. Ke3 Rg1 58. Kf2 Rg6 59. Kf3 Rg1 60. Kf4 Rf1+ 61. Ke5 Re1+ 62.
Kd6 Rd1+ 63. Kc7 Rg1 64. Kc8 Rg6 65. Kd7 Rg1 66. Ke7 Re1+ 67. Kf6 Rf1+ 68.
Kg5 Rg1+ 69. Kh4 Rh1+ 70. Kg4 Rg1+ 71. Kh3 Rg6 72. Kh4 Rg1 73. Kh5 Rg2 74.
Kh6 Rh2+ 75. Kg5 Rg2+ 76. Kf6 Rf2+ 77. Ke7 Re2+ 78. Kf8 Rf2+ 79. Ke8 Re2+
80. Kd8 Rd2+ 81. Ke7 Re2+ 82. Kd7 Rd2+ 83. Kc8 Rg2 84. Kc7 Rg1 85. Kd7 Rd1+
86. Ke7 Re1+ 87. Kf7 Rf1+ 88. Ke6 Re1+ 89. Kd7 Rd1+ 90. Kc8 Rg1 91. a4 Rg5
92. Kd7 Rg1 93. Ke6 Re1+ 94. Kf5 Rf1+ 95. Ke4 Rg1 96. Ke3 Rg6 97. Kf2 Rg5
98. Kf1 Rg6 99. Ke2 Rg5 100. Kf3 Rg6 101. Kf4 Rg1 102. Ke5 Re1+ 103. Kd6
Rd1+ 104. Kc7 Rg1 105. Kc8 Rg5 106. Kd8 Rg1 107. Ke7 Re1+ 108. Kf6 Rf1+
109. Ke6 Re1+ 110. Kf5 Rf1+ 111. Ke4 Rg1 112. Kf4 Rg6 113. Kf5 Rg1 114. Kf6
Rf1+ 115. Ke6 Re1+ 116. Kd5 Rd1+ 117. Kc4 Rg1 118. Kb4 Rg4+ 119. Ka5 Rg1
120. Kb4 Rg4+ 121. Kc3 Rg3+ 122. Kd4 Rg1 123. Ke3 Rg6 124. Kf3 Rg1 125. Kf2
Rg6 126. Ke3 Rg1 127. Kd4 Rg4+ 128. Ke5 Rg1 129. Kd6 Rd1+ 130. Kc7 Rg1 131.
Kc8 Rg5 132. Kd7 Rg1 133. a5 Rd1+ 134. Ke6 Re1+ 135. Kf5 Rf1+ 136. Ke4 Re1+
137. Kf4 Rf1+ 138. Ke3 Rg1 139. Kf2 Rg6 140. Kf3 Rg1 141. Ke4 Re1+ 142. Kd5
Rd1+ 143. Ke5 Re1+ 144. Kd6 Rd1+ 145. Kc7 Rg1 146. Kc8 Rg5 147. Kd7 Rg1
148. Ke7 Re1+ 149. Kf8 Rf1+ 150. Ke8 Re1+ 151. Kd7 Rd1+ 152. Ke6 Re1+ 153.
Kd5 Rd1+ 154. Ke4 Rg1 155. Kf4 Rg6 156. Kf3 Rg1 157. Ke3 Rg6 158. Kf2 Rg5
159. Ke2 Rg6 160. Kd2 Rg5 161. Ke3 Rg6 162. Kf4 Rg1 163. Ke5 Re1+ 164. Kd6
Rd1+ 165. Ke7 Re1+ 166. Kd7 Rd1+ 167. Kc8 Rg1 168. Kc7 Rg2 169. Kd7 Rd2+
170. Ke6 Re2+ 171. Kf5 Rf2+ 172. Ke4 Rg2 173. Kd4 Rg1 174. Ke3 Rg6 175. Kf4
Rg1 176. Ke5 Re1+ 177. Kd6 Rd1+ 178. Kc7 Rg1 179. Kc8 Rg5 180. Rd8 Rxg7
181. Rd7 Rxd7 182. Kxd7 Kb8 183. Kd8 Ka7 184. Kc7 Ka8 185. c6 bxc6 186.
Kxc6 Ka7 187. Kc7 Ka8 188. Kb6 Kb8 189. Kxa6 Ka8 190. Kb6 Kb8 191. a6 Ka8
192. a7 1/2-1/2

[Event "GRENKE Chess Open 2017"]
[Site "Karlsruhe GER"]
[Date "2017.04.16"]
[Round "7.39"]
[White "Buhmann, Rainer"]
[Black "Loos, Roland"]
[Result "1-0"]
[WhiteElo "2609"]
[BlackElo "2354"]
[EventDate "2017.04.13"]

1. d4 e6 2. c4 Nf6 3. Nf3 d5 4. g3 dxc4 5. Bg2 Bb4+ 6. Bd2 a5 7. O-O Nc6 8.
Bg5 h6 9. Bxf6 Qxf6 10. a3 Bd6 11. Qa4 O-O 12. Qxc4 e5 13. d5 Nb8 14. Nc3
Nd7 15. Ne4 Qe7 16. Nxd6 cxd6 17. Qc7 Ra6 18. Nd2 Qd8 19. Rfc1 Nc5 20. Qxd8
Rxd8 21. b4 axb4 22. axb4 Rxa1 23. Rxa1 Na6 24. b5 Nc7 25. b6 Na6 26. Nc4
Kf8 27. Rc1 Ke7 28. Na5 Nc5 29. Rc3 Bd7 30. Nb3 Ra8 31. f4 Ra3 32. Rxc5
Rxb3 33. Rc7 Kd8 34. Rxb7 Kc8 35. Rc7+ Kd8 36. fxe5 Rxb6 37. exd6 Rxd6 38.
Ra7 f5 39. Kf2 Ke7 40. Bf3 Kf6 41. Ke3 Ke5 42. Kd3 Bb5+ 43. Kc3 Rd7 44.
Rxd7 Bxd7 45. Kc4 Kd6 46. Bh5 Bc8 47. Kd4 Ba6 48. e3 Bc8 49. g4 Bb7 50. Bf7
fxg4 51. e4 Ke7 52. Be6 h5 53. Ke5 Ba6 54. d6+ Kd8 55. Kf4 1-0